000
00311nam a22001457a 4500
003
SGT
020
_a
81-7473-286-1
082
_a
581.634
_b
WHO
100
_a
WHO
245
_a
SELECTED MEDICINAL PLANTS
260
_a
INDIA
_b
AITBS PUB.
_c
2025
300
_a
288
650
_a
PHARMACEUTICAL
942
_2
ddc
_c
BK
999
_c
32998
_d
32998